000 00548nam a2200121Ia 4500
008 220216s9999 xx 000 0 und d
100 _aTillekeratne L M K
245 0 _aCarbon negative products on global warming and climate change and their impact on agriculture
260 _bClimate change, low carbon economy and sustainable natural rubber industry: Preprints of proceedings of IRRDB International Rubber Conference 2010, 18-19 October 2010 Sanya, Hainan, China, pp. 3-6.
650 _aClimate change
650 _aGlobal warming
942 _cJS
999 _c55158
_d55158